[Event "IECG CP.2003.P.00007 email"]
[Site "IECG email"]
[Date "2003.10.01"]
[Round "?"]
[White "Perry, Curtis"]
[Black "Tan, Fee Meng"]
[Result "1-0"]
[WhiteElo "1699"]
[BlackElo "2000"]
[PlyCount "55"]
[EventDate "2003.10.01"]
[EventType "tourn (corr)"]
[EventRounds "6"]
[EventCountry "RUS"]
[SourceTitle "Corr 2008"]
[Source "ChessBase"]
[SourceDate "2008.06.24"]
[SourceVersion "1"]
[SourceVersionDate "2008.06.24"]
[SourceQuality "1"]

1. d4 Nf6 2. c4 g6 3. g3 d5 4. cxd5 Nxd5 5. Bg2 Bg7 6. Nf3 0-0 7. 0-0 Nd7 8. e4 N5f6 9. Nc3 c5 10. Be3 Ng4 11. Bg5 cxd4 12. Nxd4 Nb6 13. Nb3 Qxd1 14. Raxd1 Re8 15. Nc5 Nc4 16. Nd5 Nxb2 17. Rd2 Nc4 18. Rc2 Na3 19. Rcc1 Nb5 20. Nxe7+ Kh8 21. Nxc8 Raxc8 22. Nxb7 Nc3 23. Rc2 Rb8 24. Nd6 Re6 25. Nxf7+ Kg8 26. Nd8 Rd6 27. h3 Ne5 28. Rxc3 1-0

[Event "IECG CP.2002.P.00054 email"]
[Site "IECG email"]
[Date "2002.10.01"]
[Round "?"]
[White "Converset, Juan Jose"]
[Black "Perry, Curtis"]
[Result "1-0"]
[WhiteElo "2236"]
[BlackElo "1743"]
[PlyCount "47"]
[EventDate "2002.10.01"]
[EventType "tourn (corr)"]
[EventRounds "6"]
[EventCountry "ARG"]
[SourceTitle "Corr 2008"]
[Source "ChessBase"]
[SourceDate "2008.06.24"]
[SourceVersion "1"]
[SourceVersionDate "2008.06.24"]
[SourceQuality "1"]

1. e4 e6 2. d4 d5 3. Nc3 Bb4 4. e5 c5 5. a3 Bxc3+ 6. bxc3 c4 7. Qg4 g6 8. h4 Qa5 9. Ne2 Nc6 10. h5 Nge7 11. Qf3 Nf5 12. Kd1 Bd7 13. g4 Nfe7 14. Bh6 Qb6 15. Kc1 Qc7 16. Bg7 Rg8 17. hxg6 hxg6 18. Rh7 Nd8 19. Bf6 Ba4 20. Nf4 Qd7 21. Bg2 Rf8 22. Bxe7 Qxe7 23. Qe3 Qc7 24. Nxg6 1-0

[Event "IECG CP.2002.P.00054 email"]
[Site "IECG email"]
[Date "2002.10.01"]
[Round "?"]
[White "Perry, Curtis"]
[Black "Noack, Mario"]
[Result "0-1"]
[WhiteElo "1743"]
[BlackElo "1497"]
[PlyCount "102"]
[EventDate "2002.10.01"]
[EventType "tourn (corr)"]
[EventRounds "6"]
[EventCountry "ARG"]
[SourceTitle "Corr 2008"]
[Source "ChessBase"]
[SourceDate "2008.06.24"]
[SourceVersion "1"]
[SourceVersionDate "2008.06.24"]
[SourceQuality "1"]

1. d4 f5 2. Nf3 Nf6 3. e3 e6 4. Bd3 b6 5. Nbd2 Bb7 6. 0-0 Be7 7. c3 0-0 8. Ne5 c5 9. Re1 d6 10. Nef3 Ne4 11. Bc4 d5 12. Bd3 Nd7 13. Ne5 Nxe5 14. dxe5 c4 15. Bc2 Qb8 16. f4 Nxd2 17. Bxd2 Qe8 18. Qf3 Bc6 19. Qh3 Qg6 20. Kf2 a5 21. a4 Rfb8 22. Bd1 b5 23. axb5 Rxb5 24. Bc1 Rb6 25. g4 fxg4 26. Bxg4 Be8 27. Rg1 Kh8 28. Bd1 Qd3 29. Bg4 Qc2+ 30. Kf3 Bc5 31. Qg2 Qd3 32. Kg3 Ra7 33. Be2 Qg6+ 34. Kf2 Qf7 35. Kf1 Qb7 36. Qg4 Bg6 37. Qh4 Be7 38. Qh3 Bf5 39. Bg4 Bd3+ 40. Kf2 Raa6 41. Kg3 Be4 42. Qh5 g6 43. Qh3 Rxb2 44. Bxb2 Qxb2 45. Rae1 a4 46. Bxe6 h5 47. Bc8 h4+ 48. Kg4 Qb8 49. Bxa6 Qf8 50. Qxh4+ Bxh4 51. Kxh4 Qh6+ 0-1

[Event "IECG TE.2002.P.01015 email"]
[Site "IECG email"]
[Date "2002.03.28"]
[Round "?"]
[White "Deschamp, Guy"]
[Black "Perry, Curtis"]
[Result "1-0"]
[WhiteElo "2297"]
[BlackElo "1743"]
[PlyCount "39"]
[EventDate "2002.03.28"]
[EventType "tourn (corr)"]
[EventRounds "12"]
[SourceTitle "Corr 2008"]
[Source "ChessBase"]
[SourceDate "2008.06.24"]
[SourceVersion "1"]
[SourceVersionDate "2008.06.24"]
[SourceQuality "1"]

1. e4 e5 2. Nf3 Nc6 3. Bb5 Bc5 4. c3 a6 5. Bxc6 dxc6 6. Nxe5 Qg5 7. 0-0 Bxf2+ 8. Rxf2 Qxe5 9. d4 Qe7 10. Qf3 h5 11. b3 Bg4 12. Qf4 Nf6 13. Ba3 Qxe4 14. Qxc7 Rc8 15. Qxb7 Qe1+ 16. Rf1 Qe3+ 17. Kh1 h4 18. Nd2 h3 19. Rae1 hxg2+ 20. Kxg2 1-0

[Event "IECG TE.2002.P.01015 email"]
[Site "IECG email"]
[Date "2002.03.28"]
[Round "?"]
[White "Taner, Harun"]
[Black "Perry, Curtis"]
[Result "1-0"]
[WhiteElo "1430"]
[BlackElo "1743"]
[PlyCount "43"]
[EventDate "2002.03.28"]
[EventType "tourn (corr)"]
[EventRounds "12"]
[SourceTitle "Corr 2008"]
[Source "ChessBase"]
[SourceDate "2008.06.24"]
[SourceVersion "1"]
[SourceVersionDate "2008.06.24"]
[SourceQuality "1"]

1. e4 e5 2. Nf3 Nc6 3. Bb5 Bc5 4. 0-0 Nf6 5. c3 0-0 6. d4 exd4 7. cxd4 Bb6 8. e5 Nd5 9. Bc4 Nde7 10. d5 Nb8 11. d6 Ng6 12. Nc3 Nc6 13. Bg5 Qe8 14. Re1 h6 15. Be3 Ba5 16. dxc7 Bxc7 17. Bc5 Ngxe5 18. Nxe5 Nxe5 19. Bb3 Qd8 20. Bxf8 Kxf8 21. Qd5 Qf6 22. Nb5 1-0

[Event "IECG TE.2002.P.01015 email"]
[Site "IECG email"]
[Date "2002.03.28"]
[Round "?"]
[White "Wood, Brian B"]
[Black "Perry, Curtis"]
[Result "1-0"]
[WhiteElo "888"]
[BlackElo "1743"]
[PlyCount "69"]
[EventDate "2002.03.28"]
[EventType "tourn (corr)"]
[EventRounds "12"]
[SourceTitle "Corr 2008"]
[Source "ChessBase"]
[SourceDate "2008.06.24"]
[SourceVersion "1"]
[SourceVersionDate "2008.06.24"]
[SourceQuality "1"]

1. e4 e5 2. Nf3 Nc6 3. Bb5 Bc5 4. c3 Qe7 5. 0-0 Nf6 6. d3 0-0 7. Bg5 h6 8. Bxf6 Qxf6 9. Nbd2 a6 10. Bxc6 dxc6 11. Nb3 Ba7 12. d4 exd4 13. Nfxd4 Be6 14. Nxe6 Qxe6 15. Re1 Qf6 16. Qe2 Rfe8 17. e5 Qf4 18. Na5 Rad8 19. g3 Qf5 20. Nxb7 Rb8 21. Rf1 Rxb7 22. Qxa6 Reb8 23. Rae1 Qe6 24. b3 Bc5 25. b4 Rb5 26. bxc5 Rxc5 27. Qa7 Rbb5 28. Qxc7 Rxc3 29. a4 Rd5 30. Re2 Rcc5 31. f4 f6 32. f5 Qd7 33. Qxd7 Rxd7 34. e6 Re7 35. Rf4 1-0

[Event "IECG CP.2001.P.00005 email"]
[Site "IECG email"]
[Date "2001.10.01"]
[Round "?"]
[White "Nava Baro, Enrique"]
[Black "Perry, Curtis"]
[Result "1/2-1/2"]
[WhiteElo "2097"]
[BlackElo "1600"]
[PlyCount "55"]
[EventDate "2001.10.01"]
[EventType "tourn (corr)"]
[EventRounds "6"]
[EventCountry "ARG"]
[SourceTitle "Corr 2024"]
[Source "ChessBase"]
[SourceDate "2023.10.19"]
[SourceVersion "1"]
[SourceVersionDate "2023.10.19"]
[SourceQuality "1"]

1. d4 e6 2. e4 d5 3. Nd2 c5 4. exd5 exd5 5. Ngf3 Nc6 6. Bb5 Bd6 7. dxc5 Bxc5 8. 0-0 Nge7 9. Nb3 Bd6 10. Re1 0-0 11. Bd3 h6 12. h3 Nf5 13. c3 Qf6 14. Bc2 Rd8 15. Qd3 g6 16. Bd2 a5 17. a4 Bf8 18. Rad1 Nd6 19. Nbd4 Bd7 20. Bb3 Nxd4 21. Qxd4 Qxd4 22. Nxd4 Nc4 23. Bc1 Re8 24. Bc2 Rxe1+ 25. Rxe1 Rc8 26. Rd1 Nb6 27. Nb5 h5 28. Be3 1/2-1/2

[Event "IECG CP.2001.P.00005 email"]
[Site "IECG email"]
[Date "2001.10.01"]
[Round "?"]
[White "Perry, Curtis"]
[Black "Thorne, Steve"]
[Result "1-0"]
[WhiteElo "1600"]
[BlackElo "1300"]
[PlyCount "37"]
[EventDate "2001.10.01"]
[EventType "tourn (corr)"]
[EventRounds "6"]
[EventCountry "ARG"]
[SourceTitle "Corr 2024"]
[Source "ChessBase"]
[SourceDate "2023.10.19"]
[SourceVersion "1"]
[SourceVersionDate "2023.10.19"]
[SourceQuality "1"]

1. c4 Nf6 2. Nc3 e6 3. e4 c5 4. e5 Ng8 5. Nf3 Nc6 6. d4 cxd4 7. Nxd4 Nxe5 8. Ndb5 Nf6 9. Be3 b6 10. Nd6+ Bxd6 11. Qxd6 Qe7 12. Qxe5 d6 13. Qg3 Rg8 14. Be2 Bb7 15. 0-0 d5 16. cxd5 Nxd5 17. Bb5+ Kf8 18. Nxd5 Bxd5 19. Bf4 1-0

[Event "IECG CP.2000.P.00109"]
[Site "IECG email"]
[Date "2000.10.01"]
[Round "?"]
[White "Perry, Curtis"]
[Black "Kask, Ove"]
[Result "0-1"]
[WhiteElo "1600"]
[BlackElo "2367"]
[PlyCount "113"]
[EventDate "2000.10.01"]
[EventType "tourn (corr)"]
[EventRounds "6"]
[EventCountry "TUR"]
[SourceTitle "Corr 2008"]
[Source "ChessBase"]
[SourceDate "2008.06.24"]
[SourceVersion "1"]
[SourceVersionDate "2008.06.24"]
[SourceQuality "1"]

1. d4 d5 2. Nf3 Bg4 3. e3 Nf6 4. Bd3 e6 5. Nbd2 c5 6. c3 Nbd7 7. 0-0 Bd6 8. e4 cxd4 9. cxd4 dxe4 10. Nxe4 Be7 11. Nxf6+ Bxf6 12. Be4 0-0 13. Bxb7 Rb8 14. Be4 Nb6 15. Be3 Nc4 16. b3 Nd6 17. Bc2 Nb5 18. a4 Nc3 19. Bxh7+ Kh8 20. Qc2 Bxf3 21. Qxc3 Bxg2 22. Kxg2 Qd5+ 23. Kg1 Rxb3 24. Qc2 g6 25. Rfb1 Rxb1+ 26. Rxb1 Kxh7 27. Qc5 Qe4 28. Rb4 Qg4+ 29. Kf1 Qh3+ 30. Ke1 Kg7 31. Qxa7 Qxh2 32. Rb7 Qg1+ 33. Ke2 Qg4+ 34. Ke1 Qf3 35. Rd7 Bh4 36. d5 Rc8 37. Kd2 Bxf2 38. Bxf2 Qc3+ 39. Ke2 Qc2+ 40. Kf3 Qf5+ 41. Ke2 Rc2+ 42. Kf1 Qd3+ 43. Kg1 Qd1+ 44. Kg2 Qg4+ 45. Kh2 Qf3 46. Rxf7+ Qxf7 47. Qxf7+ Kxf7 48. dxe6+ Kxe6 49. Kg3 Ra2 50. a5 Rxa5 51. Kg4 Ke5 52. Be3 Ra2 53. Bh6 Rg2+ 54. Kf3 Rg1 55. Be3 Re1 56. Bd2 Rd1 57. Ba5 0-1